Sports Quiz

Random Sports Quiz

OSU Heisman Winners Quiz Stats

Quiz not verified by Sporcle

Challenge
Share
Tweet
Embed
Score 0/7 Timer 02:00
0 Plays Today
Year % Correct
2006Troy Smith
97.1%
1974Archie Griffin
91.2%
1975Archie Griffin
91.2%
1995Eddie George
88.2%
1955Howard Cassady
32.4%
1944Les Horvath
26.5%
1950Vic Janowicz
23.5%

You're not logged in!

Compare scores with friends on all Sporcle quizzes.
Sign Up with Email
OR
Log In

You Might Also Like...

Show Comments

Extras

Top Quizzes Today


Score Distribution

Your Account Isn't Verified!

In order to create a playlist on Sporcle, you need to verify the email address you used during registration. Go to your Sporcle Settings to finish the process.

Report this User

Report this user for behavior that violates our Community Guidelines.

Details: